| 000 | 00343 a2200145 4500 | ||
|---|---|---|---|
| 001 | 169070 | ||
| 020 | _a | ||
| 040 | _cMagnum | ||
| 100 | _aFoucault, Michel | ||
| 240 | 1 | 0 |
_aHistoria da sexualidade ii: o uso dos prazeres _lpor |
| 245 | 1 | 0 | _aHistoria da sexualidade ii: o uso dos prazeres |
| 362 | 0 | _a1899 | |
| 697 | _aGERAL | ||
| 942 | _cBK | ||
| 999 |
_c169070 _d169070 |
||